<?xml version="1.0" encoding="UTF-8" ?>
<collection xmlns="http://www.loc.gov/MARC21/slim"><record><leader>01221nab a2200253   4500</leader><controlfield tag="001">187740</controlfield><controlfield tag="003">CH-000273-5</controlfield><controlfield tag="005">20200928115542.0</controlfield><datafield tag="035" ind1=" " ind2=" "><subfield code="a">(OCoLC)972047650</subfield></datafield><datafield tag="040" ind1=" " ind2=" "><subfield code="a">CH-000273-5</subfield><subfield code="b">ger</subfield><subfield code="e">rda</subfield></datafield><datafield tag="041" ind1=" " ind2=" "><subfield code="a">fre</subfield></datafield><datafield tag="245" ind1="0" ind2="4"><subfield code="a">Les feuilles libres</subfield><subfield code="c">directeur: Marcel Raval</subfield><subfield code="h">Zeitschrift</subfield><subfield code="n">4(1922), Octobre-Novembre = Nr. 29</subfield></datafield><datafield tag="264" ind1="3" ind2="1"><subfield code="a">Paris</subfield><subfield code="b">Les Feuilles libres</subfield><subfield code="c">1922</subfield></datafield><datafield tag="300" ind1=" " ind2=" "><subfield code="a">Seiten 311-372</subfield><subfield code="b">Illustrationen, schwarzweiss</subfield><subfield code="c">22,7 x 18,7 cm</subfield></datafield><datafield tag="336" ind1=" " ind2=" "><subfield code="a">Text</subfield><subfield code="b">txt</subfield><subfield code="2">rdacontent</subfield></datafield><datafield tag="337" ind1=" " ind2=" "><subfield code="a">ohne Hilfsmittel zu benutzen</subfield><subfield code="b">n</subfield><subfield code="2">rdamedia</subfield></datafield><datafield tag="338" ind1=" " ind2=" "><subfield code="a">Band</subfield><subfield code="b">nc</subfield><subfield code="2">rdacarrier</subfield></datafield><datafield tag="500" ind1=" " ind2=" "><subfield code="a">Auf Umschlag: &quot;Paul Morand, Tristan Tzara, P. Drieu La Rochelle, Jean Epstein, Marcel Raval, Blaise Cendrars, Erik Satie, Igor Strawinsky, Modigliani, Pablo Picasso, Philippe Soupault, René-Marie Hermant, M. Sauvage, Benjamin Péret, P. de Massot, ont collaboré à ce No. 29&quot;</subfield></datafield><datafield tag="610" ind1="2" ind2="7"><subfield code="a">Kunsthaus Zürich</subfield><subfield code="x">Dadaismus</subfield><subfield code="x">Sammlung</subfield><subfield code="2">gnd</subfield></datafield><datafield tag="655" ind1="0" ind2="7"><subfield code="a">Zeitschrift</subfield><subfield code="2">gnd-content</subfield></datafield><datafield tag="700" ind1="1" ind2="0"><subfield code="a">Raval, Marcel</subfield><subfield code="d">1900-1956</subfield><subfield code="e">Herausgeber</subfield><subfield code="4">edt</subfield></datafield><datafield tag="773" ind1=" " ind2=" "><subfield code="t">Les feuilles libres</subfield><subfield code="w">(CH-000273-5)25619</subfield></datafield><datafield tag="852" ind1="4" ind2="0"><subfield code="a">CH-000273-5</subfield><subfield code="c">DADA III:55:29</subfield></datafield><datafield tag="856" ind1="4" ind2="1"><subfield code="u">https://digital.kunsthaus.ch:443/viewer/image/187740/1/</subfield><subfield code="y">Kunsthaus Zürich Sammlungen online</subfield></datafield></record></collection>